000 00837nam a22002177a 4500
005 20230926081208.0
008 230926b ||||| |||| 00| 0 eng d
020 _a 9788497495400
040 _aCO-BoUCM
_cDavid Moreno
_dDavid Moreno
041 _aspa
100 1 _aNiemeyer, Oscar
_9178940
245 1 3 _aLa arquitectura de Oscar Niemeyer a partir de sus dibujos /
_cNiemeyer, Oscar y Franco, Manuel
260 _a[La Coruña]
_bUniversidade da Coruña, Servizo de Publicacións
_c2013
300 _a191 Paginas,
_bilustraciones
504 _aIncluye referencias bibliográficas
600 1 _aNiemeyer, Oscar
_y1907-2012
_9178941
650 1 7 _aDiseño arquitectónico
_xForma (arquitectura)
_9178935
700 1 _aFranco, Manuel
_9178942
942 _2DEWEY
_a17
_cLIBRO
_e1
_h720
_mF825a
_n0
999 _c323196
_d323196